Wszyskie nacje w War Thunder - Statistics

General Stats
  • This quiz has been taken 8 times
  • The average score is 22 of 63
Answer Stats
Hint Nacja % Correct
3 maszyny Polska
80%
435 maszyn Stany Zjednoczone
80%
418 maszyn ZSRR
80%
1 maszyna Arabia Saudyjska
60%
100 maszyn Chiny
60%
4 maszyny Czechy
60%
291 maszyn Japonia
60%
2 maszyny Egipt
60%
44 maszyny Finlandia
60%
258 maszyn Francja
60%
1 maszyna Irlandia
60%
105 maszyn Izrael
60%
94 maszyny Niemcy
60%
12 maszyn Norwegia
60%
50 maszyn Rosja
60%
8 maszyn Szwajcaria
60%
120 maszyn Szwecja
60%
44 maszyny Węgry
60%
332 maszyny Wielka Brytania
60%
101 maszyn Włochy
60%
4 maszyny Argentyna
40%
19 maszyn Australia
40%
2 maszyny Austria
40%
10 maszyn Belgia
40%
3 maszyny Dania
40%
1 maszyna Brazylia
40%
2 maszyny Hiszpania
40%
3 maszyny Indonezja
40%
1 maszyna Iran
40%
17 maszyn Kanada
40%
2 maszyny Nowa Zelandia
40%
23 maszyny RPA
40%
1 maszyna Słowacja
40%
85 maszyn Tajwan
40%
2 maszyny Bangladesz
20%
2 maszyny Grecja
20%
17 maszyn Holandia
20%
274 maszyny III Rzesza
20%
17 maszyn Imperium Niemieckie
20%
5 maszyn Imperium Rosyjskie
20%
7 maszyn Indie
20%
1 maszyna Kazachstan
20%
1 maszyna Kolumbia
20%
1 maszyna Korea Północna
20%
1 maszyna Litwa
20%
3 maszyny Malezja
20%
1 maszyna Oman
20%
7 maszyn Pakistan
20%
1 maszyna Portugalia
20%
12 maszyn Rumunia
20%
2 maszyny Syria
20%
18 maszyn Tajlandia
20%
3 maszyny Turcja
20%
1 maszyna Wenezuela
20%
1 maszyna Południowy Wietnam
0%
1 maszyna Filipiny
0%
1 maszyna Jordania
0%
142 maszyny Królestwo Włoch
0%
1 maszyna Kuba
0%
1 maszyna Kuwejt
0%
24 maszyny NRD
0%
2 maszyny Republika Weimarska
0%
2 maszyny Wietnam
0%
No matching quizzes found
Score Distribution
Percent of People with Each Score
Percentile by Number Answered
Your Score History
You have not taken this quiz